000 00672nam a2200193 i 4500
001 185049
003 ES-MaACL
005 20250903084342.0
008 160309s1908 fr |||| | fre d
110 2 _aLibrairie Hachette et Cie.
_9134630
245 1 0 _aLittérature générale et connaissances utiles
_b: octobre 1908 [catalogue].
260 _aParis :
_bLibrairie Hachette et Cie.,
_c1908.
300 _a96 p. ;
_c24 cm.
610 2 4 _aLibrairie Hachette et Cie.-
_vCatálogos.
_9159024
650 4 _aCatálogos de editores-
_zFrancia
_912068
650 7 _aCatálogos de editores-
_yS.XX
_2
_9169795
852 _aES-MaACL
_j1506-F-2
999 _c185049
_d185049